FIFA World Cup top scoring teams - Statistics

General Stats
  • This quiz has been taken 640 times
    110 since last reset
  • The average score is 13 of 22
Answer Stats
Year Won that year? Goals Answer % Correct
2014 Yes 18 Germany
84%
1934 Yes 12 Italy
84%
2002 Yes 18 Brazil
80%
1998 Yes 15 France
78%
2022 No 16 France
77%
1962 Yes 14 Brazil
74%
1970 Yes 19 Brazil
72%
1990 Yes 15 West Germany
72%
1930 No 18 Argentina
69%
1978 Yes/No 15 Argentina/Netherland
68%
1986 Yes 14 Argentina
66%
2006 No 14 Germany
58%
2018 No 16 Belgium
55%
2010 No 16 Germany
55%
1950 No 22 Brazil
54%
1958 No 23 France
40%
1954 No 27 Hungary
40%
1982 No 16 France
34%
1938 No 15 Hungary
34%
1966 No 17 Portugal
33%
1994 No 15 Sweden
19%
1974 No 16 Poland
15%
No matching quizzes found
Score Distribution
Percent of People with Each Score
Percentile by Number Answered
Your Score History
You have not taken this quiz since the last reset